| 000 | 00541nam a2200193 i 4500 | ||
|---|---|---|---|
| 001 | 100478 | ||
| 003 | ES-MaACL | ||
| 005 | 20250716062527.0 | ||
| 007 | t| | ||
| 008 | 050928m19101930xxk ||||1| eng d | ||
| 100 | 1 |
_aMasefield, John. _978701 |
|
| 245 | 1 | 0 |
_aWilliam Shakespeare / _cJohn Masefield. |
| 250 | _aEd. nueva y rev. | ||
| 260 |
_aLondon : _bWilliams and Norgate, _c1910-30. |
||
| 300 |
_aVIII, 256 p. ; _c17 cm. |
||
| 600 | 1 | 4 |
_aShakespeare, William, _d1564-1616 _9105992 |
| 852 |
_aES-MaACL _jC-3072 |
||
| 999 |
_c100478 _d100478 |
||